| 000 | 00738nam a2200229 u 4500 | ||
|---|---|---|---|
| 005 | 20240621063658.0 | ||
| 008 | 180122s2010 mx r 000 0 spa d | ||
| 020 | _a9786074621747 | ||
| 035 | _aUPN01000222288 | ||
| 049 | _aCG | ||
| 050 | 4 |
_aJV7401 _bM5.8 |
|
| 245 | 0 | 0 |
_aMigraciones internacionales / _ccoord. Francisco Alba. |
| 260 |
_aMéxico : _bEl Colegio de México, _c2010. |
||
| 300 | _a577 p. | ||
| 440 | 4 |
_aLos grandes problemas de México ; _v3 |
|
| 651 | 2 |
_aMéxico _xEmigración e inmigración _xHistoria _912618 |
|
| 651 | 4 |
_aEstados Unidos _xEmigración e inmigración _915551 |
|
| 650 | 4 |
_aTRABAJO MIGRATORIO _92264 |
|
| 700 | 1 |
_aAlba Hernández, Francisco, _d1941- _ecoord. _928690 |
|
| 905 | _aLibro | ||
| 999 |
_c194385 _d194385 |
||